[Event "Anti Cheating Blitz Cup"]
[Site "Chess.com INT"]
[Date "2020.05.20"]
[Round "4"]
[White "Delledonne, Francesco"]
[Black "Furlani, Graziano"]
[Result "1-0"]
[WhiteElo "1871"]
[BlackElo "1236"]
[PlyCount "59"]
[EventDate "2020.05.20"]
[EventType "swiss (blitz)"]
[EventRounds "11"]
[EventCountry "USA"]
[SourceTitle "CBM 196 Extra"]
[Source "ChessBase"]
[SourceDate "2020.07.31"]
[SourceVersion "1"]
[SourceVersionDate "2020.07.31"]
[SourceQuality "1"]

1. c4 g6 2. g3 Bg7 3. Bg2 Nf6 4. Nc3 d6 5. d3 0-0 6. e4 e5 7. Nge2 c5 8. h3 Nc6 9. Be3 Ne8 10. 0-0 f5 11. f4 exf4 12. Nxf4 Nf6 13. Kh2 Nb4 14. a3 Nc6 15. Ncd5 fxe4 16. dxe4 Qe8 17. Qd3 a6 18. Nb6 Rb8 19. Nxc8 Rxc8 20. Qxd6 Rd8 21. Qxc5 Nxe4 22. Bxe4 Qxe4 23. Rae1 g5 24. Ng2 Bxb2 25. Qxg5+ Qg6 26. Qxg6+ hxg6 27. Bc5 Rxf1 28. Rxf1 Bg7 29. Rf2 Ne5 30. Nf4 1-0

[Event "Anti Cheating Blitz Cup"]
[Site "Chess.com INT"]
[Date "2020.05.20"]
[Round "11"]
[White "Furlani, Graziano"]
[Black "Pozzato, Enea"]
[Result "0-1"]
[WhiteElo "1236"]
[BlackElo "1205"]
[PlyCount "54"]
[EventDate "2020.05.20"]
[EventType "swiss (blitz)"]
[EventRounds "11"]
[EventCountry "USA"]
[SourceTitle "CBM 196 Extra"]
[Source "ChessBase"]
[SourceDate "2020.07.31"]
[SourceVersion "1"]
[SourceVersionDate "2020.07.31"]
[SourceQuality "1"]

1. d4 Nf6 2. Nf3 d5 3. Bf4 g6 4. e3 Bg7 5. Bd3 0-0 6. 0-0 c6 7. Nbd2 Nbd7 8. c3 Nh5 9. Re1 Nxf4 10. exf4 e6 11. Ne5 Nxe5 12. fxe5 Qb6 13. Qc1 f6 14. exf6 Bxf6 15. Re3 Bg5 16. Rf3 Rxf3 17. gxf3 Qd8 18. Qe1 Qf6 19. Qe5 Qxe5 20. dxe5 Bxd2 21. Rd1 Bf4 22. c4 Bxe5 23. cxd5 exd5 24. Re1 Bxb2 25. Re7 Bf5 26. Be2 Ba3 27. Rd7 Bxd7 0-1